000
00273nam a22001217a 4500
082
_a
823
_b
UNK/H
100
_a
UNKNOWN
245
_a
101 DALMATIANS
260
_a
UNITED KINGDOM
_b
LADY BIRD BOOKS
_c
1994
300
_a
16
650
_a
ENGLISH STORY
_z
UNITED KINGDOM
942
_c
BK
999
_c
7505
_d
7505